Pogoń Szczecin - Statystyki

Ogólne statystyki
  • Ten quiz został rozwiązany 147 razy
  • Średni wynik to 12 z 31
Statystyki odpowiedzi
Podpowiedź Liga Klub % Poprawnych
Kosa Ekstraklasa Lech Poznań
92%
Zgoda 2 Liga Kotwica Kołobrzeg
84%
Kosa Ekstraklasa Cracovia
83%
Zgoda Holandia Feyenoord
78%
Kosa 1 Liga Arka Gdynia
74%
Kosa 1 Liga Lechia Gdańsk
68%
Kosa Holandia Ajax
64%
Kosa Ekstraklasa ŁKS Łódź
51%
Kosa Ekstraklasa Śląsk Wrocław
51%
Kosa 1 Liga Zagłębie Sosnowiec
48%
Kosa 1 Liga Wisła Kraków
46%
Kosa Ekstraklasa Jagiellonia Białystok
43%
Kosa Ekstraklasa Raków Częstochowa
43%
Kosa Ekstraklasa Ruch Chorzów
42%
Kosa Ekstraklasa Piast Gliwice
40%
Kosa 4 Liga Gwardia Koszalin
36%
Kosa Ekstraklasa Zagłębie Lubin
36%
Kosa 1 Liga Polonia Warszawa
35%
Kosa 3 Liga Flota Świnoujście
31%
Kosa Żużel Falubaz Zielona Góra
29%
Kosa 3 Liga Zawisza Bydgoszcz
29%
Kosa 1 Liga Miedź Legnica
27%
Kosa 1 Liga Wisła Płock
24%
Kosa 3 Liga Stilon Gorzów Wielkopolski
16%
Kosa 2 Liga Stomil olsztyn
16%
Kosa 1 Liga Górnik Łęczna
14%
Kosa 4 Liga Gryf Słupsk
14%
Kosa 4 Liga Bałtyk Gdynia
10%
Kosa 2 Liga Sandecja Nowy Sącz
9%
Kosa Okręgówka Stal Bielsko-Biała
3%
Kosa 3 Liga Chełmianka Chełm
1%
Nie znaleziono quizów pasujących do podanych kryteriów
Rozkład punktacji
Procent ludzi z każdym wynikiem
Percentyl według liczby udzielonych odpowiedzi
Twoja historia wyników
Nie rozwiązałeś tego quizu